000 00302nam a22001097a 4500
082 _a001
100 _aKiran
245 _aSSC CONSTABLE GD AND RIFLEMAN GD in assam rifles and sepoy in NCB 50 sets practice work book
260 _aDelhi
_bkiran
_c2024
650 _aGeneral science
_981923
942 _cHIN
999 _c67792
_d67792